Countries of Asia - 30 Second Sprint - Statistics

General Stats
  • This quiz has been taken 4,391 times
  • The average score is 18 of 48
Answers on the Map
Answers color-coded by a green-red scale on the quiz's map according to % correct below.
 
Answer Stats
Country % Correct
China
92%
India
86%
Japan
83%
Mongolia
65%
Iran
60%
Iraq
59%
Oman
54%
Yemen
53%
Indonesia
52%
Nepal
52%
South Korea
50%
Turkey
50%
Laos
49%
North Korea
47%
Bhutan
46%
Taiwan
44%
United Arab Emirates
44%
Vietnam
42%
Pakistan
41%
Kazakhstan
40%
Thailand
40%
Saudi Arabia
39%
Syria
37%
Cambodia
36%
Sri Lanka
36%
Israel
35%
Qatar
35%
Malaysia
33%
Myanmar
31%
Bahrain
29%
Jordan
29%
Brunei
28%
Philippines
28%
Kuwait
27%
Bangladesh
25%
Lebanon
25%
Singapore
25%
Afghanistan
21%
Armenia
21%
Georgia
20%
Maldives
19%
Cyprus
18%
Azerbaijan
14%
Turkmenistan
14%
Uzbekistan
14%
Tajikistan
12%
East Timor
10%
Kyrgyzstan
10%
No matching quizzes found
Score Distribution
Percent of People with Each Score
Percentile by Number Answered
Your Score History
You have not taken this quiz